000 00549nam a2200193Ia 4500
003 GCL
008 140319s9999 xx 000 0 eng d
040 _aGCL /
_cGCL
082 0 4 _a892.76
_bM A
100 1 _aNAGUIB MAHFOUZ
245 1 0 _aAKHENATEN: DWELLER IN TRUTH /
_cNAGUIB MAHFOUZ
700 1 _aABU - HASSABO, TAGREID
260 _a[S.N] :
_bTHE AMERICAN UNIVERSITY IN CAIRO PRESS ،
_c1985
300 _a172 P
650 0 4 _aARABIC LITERATURE - TRANSLATION
650 0 4 _aARABIC LITERATURE
650 0 4 _aARABIC FICTION
942 _2ddc
_cBK
999 _c15777
_d15777